100 Biggest Cities of Portugal on a Map - Statistics

General Stats
  • This quiz has been taken 713 times
  • The average score is 33 of 100
Answers on the Map
Answers color-coded by a green-red scale on the quiz's map according to % correct below.
 
Answer Stats
Population City % Correct
545,796 Lisbon
98%
231,800 Porto
97%
146,543 Braga
88%
49,360 Faro
87%
106,655 Coimbra
83%
105,590 Funchal
77%
98,470 Setúbal
76%
188,421 Vila Nova de Gaia
68%
62,130 Aveiro
65%
40,373 Évora
63%
171,454 Amadora
62%
54,750 Guimarães
58%
22,851 Bragança
57%
35,770 Vila Nova de Famalicão
57%
19,790 Lagos
55%
54,540 Leiria
54%
40,050 Ponta Delgada
53%
60,570 Viseu
53%
22,260 Beja
50%
43,810 Portimão
50%
21,290 Albufeira
49%
29,790 Santarém
48%
27,370 Vila Real
48%
11,180 Vila Real de Santo António
47%
95,851 Almada
46%
33,450 Castelo Branco
44%
37,860 Viana do Castelo
42%
25,182 Guarda
41%
13,960 Portalegre
39%
13,302 Peniche
38%
21,210 Chaves
37%
29,690 Figueira da Foz
34%
49,034 Matosinhos
34%
62,860 Barreiro
33%
12,338 Sines
33%
13,762 Tavira
33%
31,950 Covilhã
32%
58,170 Odivelas
32%
28,310 Olhão
32%
14,324 Elvas
31%
14,890 Loulé
30%
40,534 Maia
30%
29,710 Póvoa de Santa Iria
30%
41,206 Póvoa de Varzim
30%
73,047 Queluz
30%
81,006 Agualva-Cacém
29%
46,246 Loures
29%
27,790 Caldas da Rainha
28%
19,680 Torres Vedras
28%
65,469 Rio Tinto
27%
29,850 Seixal
27%
20,723 Barcelos
26%
21,001 Espinho
26%
13,882 Tomar
26%
39,576 Santa Maria da Feira
25%
10,911 Mirandela
24%
40,130 Montijo
24%
17,500 Quarteira
24%
16,980 Ovar
23%
29,328 Vila do Conde
23%
16,270 Vila Franca de Xira
23%
14,360 Águeda
22%
12,120 Amarante
22%
22,143 São João da Madeira
22%
26,669 Gondomar
21%
11,078 Lamego
21%
14,530 Paços de Ferreira
21%
11,890 Pombal
21%
30,930 Alverca do Ribatejo
20%
20,141 Entroncamento
20%
17,199 Abrantes
19%
10,824 Esposende
19%
10,640 Ílhavo
19%
15,449 Oliveira de Azeméis
19%
24,672 Sacavém
19%
41,140 Amora
18%
13,960 Câmara de Lobos
18%
10,860 Marinha Grande
18%
10,420 Penafiel
18%
15,455 Fafe
17%
14,927 Felgueiras
17%
26,959 Santo Tirso
17%
12,330 Torres Novas
17%
17,099 Trofa
17%
25,530 Valongo
17%
13,031 Costa da Caparica
16%
20,586 Paredes
16%
11,072 Vizela
16%
38,570 Ermesinde
15%
12,590 Ribeira Grande
15%
11,552 Almeirim
14%
10,552 Cartaxo
14%
13,260 Gafanha da Nazaré
12%
11,736 Samora Correia
12%
20,800 Caniço
10%
11,922 Esmoriz
10%
22,844 São Mamede de Infesta
10%
26,988 Senhora da Hora
9%
13,670 Alfena
8%
13,803 Valbom
8%
No matching quizzes found
Score Distribution
Percent of People with Each Score
Percentile by Number Answered
Your Score History
You have not taken this quiz